Get the Picture: Fictional Battles Quiz Stats

 Plays Quiz Updated Nov 3, 2019

Score 0/20 Timer 02:30
14 Plays Today
Question Answer Wrong Answers
Battle of the Bastards Game of Thrones
90.1%
Lord of the Rings
2.9%
Star Trek
1.3%
Star Wars
1.3%
Battle of Castle Black Game of Thrones
86.6%
Lord of the Rings
6.4%
Star Trek
1.2%
Star Wars
0.9%
Destruction of Isengard Lord of the Rings
84.6%
Game of Thrones
7.6%
Star Trek
1.4%
Star Wars
1.9%
Battle of the Blackwater Game of Thrones
79.7%
Lord of the Rings
12.3%
Star Trek
1.8%
Star Wars
1.7%
Battle of Helm's Deep Lord of the Rings
79.6%
Game of Thrones
9.3%
Star Trek
3.7%
Star Wars
2.3%
Battle of Hoth Star Wars
76.9%
Game of Thrones
6.5%
Lord of the Rings
7.7%
Star Trek
3.9%
Battle of Starkiller Base Star Wars
75.3%
Game of Thrones
1.9%
Lord of the Rings
0.7%
Star Trek
17.5%
Battle of Osgiliath Lord of the Rings
75%
Game of Thrones
10.2%
Star Trek
5.6%
Star Wars
4.2%
Battles of the Fords of Isen Lord of the Rings
74.6%
Game of Thrones
13.6%
Star Trek
4.3%
Star Wars
2.9%
Battle of Genesis Star Trek
70.4%
Game of Thrones
6.9%
Lord of the Rings
4.9%
Star Wars
13.4%
Battle of the Mutara Nebula Star Trek
69.6%
Game of Thrones
2%
Lord of the Rings
2.1%
Star Wars
21.5%
Battle of Endor Star Wars
67.5%
Game of Thrones
3.3%
Lord of the Rings
22.5%
Star Trek
1.9%
Battle of the Binary Stars Star Trek
65%
Game of Thrones
2.4%
Lord of the Rings
1.2%
Star Wars
26.8%
Battle of the Goldroad Game of Thrones
63.5%
Lord of the Rings
21.7%
Star Trek
5.6%
Star Wars
4.2%
Battle of the Black Gate Lord of the Rings
59.7%
Game of Thrones
31.5%
Star Trek
2.4%
Star Wars
1.9%
Battle of Yavin Star Wars
57.3%
Game of Thrones
13.9%
Lord of the Rings
10.4%
Star Trek
13.3%
Battle of Khitomer Star Trek
53.8%
Game of Thrones
15.9%
Lord of the Rings
11.9%
Star Wars
13.4%
Battle of Cardassia Star Trek
52.7%
Game of Thrones
11.5%
Lord of the Rings
7.2%
Star Wars
23.4%
Battle of Geonosis Star Wars
52%
Game of Thrones
7.7%
Lord of the Rings
5.1%
Star Trek
30.3%
Battle of the Whispering Wood Game of Thrones
48.4%
Lord of the Rings
44.4%
Star Trek
1.4%
Star Wars
0.8%

Today's Daily Dose

Word Ladder
Lean on Me

Get the Picture
Superhero by Villain

You're not logged in!

Compare scores with friends on all Sporcle quizzes.
OR
Log In

Sporcle TV

Today on Sporcle TV


Watch our educational content, quiz creation guides, and fun videos on Sporcle TV.

Show Comments

Extras

Top Quizzes Today


Score Distribution

Your Account Isn't Verified!

In order to create a playlist on Sporcle, you need to verify the email address you used during registration. Go to your Sporcle Settings to finish the process.

Report this User

Report this user for behavior that violates our Community Guidelines.

Details: